Cambridge checkpoint Science workbook 8 / (Record no. 8684)
[ view plain ]
| 000 -LEADER | |
|---|---|
| fixed length control field | 01131nam a22002297a 4500 |
| 001 - CONTROL NUMBER | |
| control field | 8684 |
| 003 - CONTROL NUMBER IDENTIFIER | |
| control field | FISKH |
| 005 - DATE AND TIME OF LATEST TRANSACTION | |
| control field | 20251010095247.0 |
| 008 - FIXED-LENGTH DATA ELEMENTS--GENERAL INFORMATION | |
| fixed length control field | 251010b cb ||||| |||| 00| 0 eng d |
| 020 ## - INTERNATIONAL STANDARD BOOK NUMBER | |
| International Standard Book Number | 9781107679610 |
| 040 ## - CATALOGING SOURCE | |
| Original cataloging agency | FISKH |
| Language of cataloging | eng |
| Transcribing agency | FISKH |
| Modifying agency | FISKH |
| 082 ## - DEWEY DECIMAL CLASSIFICATION NUMBER | |
| Classification number | 500 |
| 100 ## - MAIN ENTRY--PERSONAL NAME | |
| Personal name | Jones, Mary |
| 245 ## - TITLE STATEMENT | |
| Title | Cambridge checkpoint Science workbook 8 / |
| Statement of responsibility, etc. | Mary Jones, Diane Fellowes-Freeman and David Sang |
| 250 ## - EDITION STATEMENT | |
| Edition statement | This edition published in 2014 |
| 260 ## - PUBLICATION, DISTRIBUTION, ETC. | |
| Place of publication, distribution, etc. | New York : |
| Name of publisher, distributor, etc. | Cambridge, |
| Date of publication, distribution, etc. | 2012. |
| 300 ## - PHYSICAL DESCRIPTION | |
| Extent | 128 pages : |
| Other physical details | color illustrations ; |
| Dimensions | 28 cm |
| 520 ## - SUMMARY, ETC. | |
| Summary, etc. | The Cambridge Lower Secondary Science Workbook 8 is tailored for students in Stage 8 of the Cambridge Lower Secondary Science curriculum. It offers a series of exercises that encourage students to apply their knowledge, conduct experiments, and analyze data, fostering skills in scientific inquiry and application. The workbook is structured around key scientific topics, providing a comprehensive approach to science education. |
| 650 ## - SUBJECT ADDED ENTRY--TOPICAL TERM | |
| Topical term or geographic name entry element | Cambridge Curriculum |
| Form subdivision | Scientific Inquiry |
| General subdivision | Hands-on Activities |
| 942 ## - ADDED ENTRY ELEMENTS (KOHA) | |
| Source of classification or shelving scheme | Dewey Decimal Classification |
| Koha item type | Books |
| Suppress in OPAC | No |
| Withdrawn status | Lost status | Source of classification or shelving scheme | Damaged status | Not for loan | Collection | Home library | Current library | Shelving location | Date acquired | Total Checkouts | Full call number | Barcode | Date last seen | Copy number | Price effective from | Koha item type |
|---|---|---|---|---|---|---|---|---|---|---|---|---|---|---|---|---|
| Dewey Decimal Classification | Reference | Footprints International School Library Network Toul Kork Campus | Footprints International School Library Network Toul Kork Campus | Librarian's Shelf TK | 10/10/2025 | JON 500 | 2025-4525 | 10/10/2025 | 1 | 10/10/2025 | Books |
